Die Inschriften von Smyrna /

Saved in:
Bibliographic Details
Corporate Authors: Österreichische Akademie der Wissenschaften., Rheinisch-Westfälische Akademie der Wissenschaften.
Other Authors: Petzl, Georg.
Format: Book
Language:German
Published: Bonn : Habelt, 1982-<1987 >
Series:Inschriften griechischer Städte aus Kleinasien ; Bd. 23-<24>.
Subjects:
Tags: Add Tag
No Tags, Be the first to tag this record!
LEADER 01633cam a2200397 a 4500
001 001028830-9
005 20050319124711.0
008 830721m19829999gw a b 000 0 ger
010 |a  82238353  
020 |a 3774918082 (T. 1) :  |c DM16.00 
035 0 |a ocm09783896 
035 0 |a ocm08935414  |z ocm09783896 
035 0 |a ocm08935414 
040 |a DLC  |c DLC  |d DDO  |d WaOLN 
043 |a a-tu--- 
050 0 |a CN415.I94  |b I57 1982X 
245 0 4 |a Die Inschriften von Smyrna /  |c herausgegeben von Georg Petzl ; Österreichische Akademie der Wissenschaften, Rheinisch-Westfälische Akademie der Wissenschaften. 
246 1 |i Series t.p. title:  |a Smyrna 
246 3 |a Smyrna 
260 |a Bonn :  |b Habelt,  |c 1982-<1987 > 
300 |a v. :  |b ill. ;  |c 30 cm. 
490 1 |a Inschriften griechischer Städte aus Kleinasien ;  |v Bd. 23-<24> 
504 |a Includes bibliographical references and indexes. 
505 0 |a T. 1. Grabschriften, postume Ehrungen, Grabepigramme -- T. 2. [without special title]. (2 v.). 
546 |a German text with transcriptions of Greek inscriptions. 
650 0 |a Inscriptions, Greek  |z Turkey  |z İzmir. 
650 0 |a Inscriptions, Latin  |z Turkey  |z İzmir. 
651 0 |a İzmir (Turkey)  |x Antiquities. 
651 0 |a Turkey  |x Antiquities. 
700 1 |a Petzl, Georg. 
710 2 |a Österreichische Akademie der Wissenschaften. 
710 2 |a Rheinisch-Westfälische Akademie der Wissenschaften. 
776 0 8 |i Online version:  |t Inschriften von Smyrna.  |d Bonn : Habelt, 1982-<1987>  |w (OCoLC)644558606 
830 0 |a Inschriften griechischer Städte aus Kleinasien ;  |v Bd. 23-<24>. 
988 |a 20020608 
906 |0 DLC